<?xml version="1.0" encoding="UTF-8"?>
<record
    xmlns:xsi="http://www.w3.org/2001/XMLSchema-instance"
    xsi:schemaLocation="http://www.loc.gov/MARC21/slim http://www.loc.gov/standards/marcxml/schema/MARC21slim.xsd"
    xmlns="http://www.loc.gov/MARC21/slim">

  <leader>00338nam a2200145Ia 4500</leader>
  <controlfield tag="008">191201s2011    xx            000 0 und d</controlfield>
  <datafield tag="082" ind1=" " ind2=" ">
    <subfield code="a">658.15</subfield>
    <subfield code="b">PAF</subfield>
  </datafield>
  <datafield tag="100" ind1=" " ind2=" ">
    <subfield code="a">PANDEY, I M</subfield>
  </datafield>
  <datafield tag="245" ind1=" " ind2="0">
    <subfield code="a">Financial Management</subfield>
  </datafield>
  <datafield tag="250" ind1=" " ind2=" ">
    <subfield code="a">Rep</subfield>
  </datafield>
  <datafield tag="260" ind1=" " ind2=" ">
    <subfield code="a">N.Delhi</subfield>
    <subfield code="b">Vikas Publication House</subfield>
    <subfield code="c">2011</subfield>
  </datafield>
  <datafield tag="300" ind1=" " ind2=" ">
    <subfield code="a">879</subfield>
  </datafield>
  <datafield tag="650" ind1=" " ind2=" ">
    <subfield code="a">MBA</subfield>
  </datafield>
  <datafield tag="942" ind1=" " ind2=" ">
    <subfield code="2">ddc</subfield>
    <subfield code="c">BK</subfield>
  </datafield>
  <datafield tag="999" ind1=" " ind2=" ">
    <subfield code="c">5380</subfield>
    <subfield code="d">5380</subfield>
  </datafield>
  <datafield tag="952" ind1=" " ind2=" ">
    <subfield code="0">0</subfield>
    <subfield code="1">0</subfield>
    <subfield code="2">ddc</subfield>
    <subfield code="4">0</subfield>
    <subfield code="7">0</subfield>
    <subfield code="8">MBA</subfield>
    <subfield code="a">PIET</subfield>
    <subfield code="b">PIET</subfield>
    <subfield code="d">2012-07-16</subfield>
    <subfield code="e">IBH, New Delhi</subfield>
    <subfield code="g">585.00</subfield>
    <subfield code="k">5677</subfield>
    <subfield code="l">5</subfield>
    <subfield code="o">658.15 PAF</subfield>
    <subfield code="p">20236</subfield>
    <subfield code="r">2025-06-05 00:00:00</subfield>
    <subfield code="s">2025-05-19</subfield>
    <subfield code="w">2012-07-14</subfield>
    <subfield code="y">BK</subfield>
    <subfield code="z">.</subfield>
  </datafield>
  <datafield tag="952" ind1=" " ind2=" ">
    <subfield code="0">0</subfield>
    <subfield code="1">0</subfield>
    <subfield code="2">ddc</subfield>
    <subfield code="4">0</subfield>
    <subfield code="7">0</subfield>
    <subfield code="8">MBA</subfield>
    <subfield code="a">PIET</subfield>
    <subfield code="b">PIET</subfield>
    <subfield code="d">2012-07-16</subfield>
    <subfield code="e">IBH, New Delhi</subfield>
    <subfield code="g">585.00</subfield>
    <subfield code="k">5677</subfield>
    <subfield code="l">9</subfield>
    <subfield code="o">658.15 PAF</subfield>
    <subfield code="p">20237</subfield>
    <subfield code="r">2025-05-30 00:00:00</subfield>
    <subfield code="s">2025-05-13</subfield>
    <subfield code="w">2012-07-14</subfield>
    <subfield code="y">BK</subfield>
  </datafield>
  <datafield tag="952" ind1=" " ind2=" ">
    <subfield code="0">0</subfield>
    <subfield code="1">0</subfield>
    <subfield code="2">ddc</subfield>
    <subfield code="4">0</subfield>
    <subfield code="7">0</subfield>
    <subfield code="8">MBA</subfield>
    <subfield code="a">PIET</subfield>
    <subfield code="b">PIET</subfield>
    <subfield code="d">2012-07-16</subfield>
    <subfield code="e">IBH, New Delhi</subfield>
    <subfield code="g">585.00</subfield>
    <subfield code="k">5677</subfield>
    <subfield code="l">3</subfield>
    <subfield code="o">658.15 PAF</subfield>
    <subfield code="p">20238</subfield>
    <subfield code="r">2025-09-11 00:00:00</subfield>
    <subfield code="s">2025-09-10</subfield>
    <subfield code="w">2012-07-14</subfield>
    <subfield code="y">BK</subfield>
  </datafield>
  <datafield tag="952" ind1=" " ind2=" ">
    <subfield code="0">0</subfield>
    <subfield code="1">0</subfield>
    <subfield code="2">ddc</subfield>
    <subfield code="4">0</subfield>
    <subfield code="7">0</subfield>
    <subfield code="8">MBA</subfield>
    <subfield code="a">PIET</subfield>
    <subfield code="b">PIET</subfield>
    <subfield code="d">2012-07-16</subfield>
    <subfield code="e">IBH, New Delhi</subfield>
    <subfield code="g">585.00</subfield>
    <subfield code="k">5677</subfield>
    <subfield code="l">10</subfield>
    <subfield code="o">658.15 PAF</subfield>
    <subfield code="p">20239</subfield>
    <subfield code="r">2025-05-30 00:00:00</subfield>
    <subfield code="s">2025-05-12</subfield>
    <subfield code="w">2012-07-14</subfield>
    <subfield code="y">BK</subfield>
  </datafield>
  <datafield tag="952" ind1=" " ind2=" ">
    <subfield code="0">0</subfield>
    <subfield code="1">0</subfield>
    <subfield code="2">ddc</subfield>
    <subfield code="4">0</subfield>
    <subfield code="7">0</subfield>
    <subfield code="8">MBA</subfield>
    <subfield code="a">PIET</subfield>
    <subfield code="b">PIET</subfield>
    <subfield code="d">2012-07-16</subfield>
    <subfield code="e">IBH, New Delhi</subfield>
    <subfield code="g">585.00</subfield>
    <subfield code="k">5677</subfield>
    <subfield code="l">3</subfield>
    <subfield code="o">658.15 PAF</subfield>
    <subfield code="p">20240</subfield>
    <subfield code="q">2023-09-11</subfield>
    <subfield code="r">2023-03-15 00:00:00</subfield>
    <subfield code="s">2023-03-15</subfield>
    <subfield code="w">2012-07-14</subfield>
    <subfield code="y">BK</subfield>
  </datafield>
  <datafield tag="952" ind1=" " ind2=" ">
    <subfield code="0">0</subfield>
    <subfield code="1">0</subfield>
    <subfield code="2">ddc</subfield>
    <subfield code="4">0</subfield>
    <subfield code="7">0</subfield>
    <subfield code="8">MBA</subfield>
    <subfield code="a">PIET</subfield>
    <subfield code="b">PIET</subfield>
    <subfield code="d">2012-07-16</subfield>
    <subfield code="e">IBH, New Delhi</subfield>
    <subfield code="g">585.00</subfield>
    <subfield code="k">5677</subfield>
    <subfield code="l">0</subfield>
    <subfield code="o">658.15 PAF</subfield>
    <subfield code="p">20241</subfield>
    <subfield code="r">2019-12-04 00:00:00</subfield>
    <subfield code="w">2012-07-14</subfield>
    <subfield code="y">BK</subfield>
  </datafield>
  <datafield tag="952" ind1=" " ind2=" ">
    <subfield code="0">0</subfield>
    <subfield code="1">0</subfield>
    <subfield code="2">ddc</subfield>
    <subfield code="4">0</subfield>
    <subfield code="7">0</subfield>
    <subfield code="8">MBA</subfield>
    <subfield code="a">PIET</subfield>
    <subfield code="b">PIET</subfield>
    <subfield code="d">2012-07-16</subfield>
    <subfield code="e">IBH, New Delhi</subfield>
    <subfield code="g">585.00</subfield>
    <subfield code="k">5677</subfield>
    <subfield code="l">8</subfield>
    <subfield code="o">658.15 PAF</subfield>
    <subfield code="p">20242</subfield>
    <subfield code="r">2025-06-04 00:00:00</subfield>
    <subfield code="s">2025-05-13</subfield>
    <subfield code="w">2012-07-14</subfield>
    <subfield code="y">BK</subfield>
  </datafield>
</record>
